Offshore Robotics (Record no. 27400)

000 -LEADER
fixed length control field 03398nam a22006015i 4500
001 - CONTROL NUMBER
control field 978-981-16-2078-2
003 - CONTROL NUMBER IDENTIFIER
control field DE-He213
005 - DATE AND TIME OF LATEST TRANSACTION
control field 20240716160556.0
006 - FIXED-LENGTH DATA ELEMENTS--ADDITIONAL MATERIAL CHARACTERISTICS
fixed length control field a|||||o|||| 00| 0
007 - PHYSICAL DESCRIPTION FIXED FIELD--GENERAL INFORMATION
fixed length control field cr nn 008mamaa
008 - FIXED-LENGTH DATA ELEMENTS--GENERAL INFORMATION
fixed length control field 211018s2022 si | s |||| 0|eng d
020 ## - INTERNATIONAL STANDARD BOOK NUMBER
International Standard Book Number 9789811620782
024 7# - OTHER STANDARD IDENTIFIER
Standard number or code 10.1007/978-981-16-2078-2
Source of number or code doi
040 ## - CATALOGING SOURCE
Transcribing agency imu-kc
050 #4 - LIBRARY OF CONGRESS CALL NUMBER
Classification number TC1665-1670
072 #7 - SUBJECT CATEGORY CODE
Subject category code TTSH
Source bicssc
Subject category code TEC009020
Source bisacsh
Subject category code TTS
Source thema
082 04 - DEWEY DECIMAL CLASSIFICATION NUMBER
Classification number 627.98
Edition number 23
245 10 - TITLE STATEMENT
Title Offshore Robotics
Medium [electronic resource] :
Remainder of title Volume I Issue 1, 2021 /
Statement of responsibility, etc. edited by Shun-Feng Su, Ning Wang.
250 ## - EDITION STATEMENT
Edition statement 1st ed. 2022.
264 #1 - PRODUCTION, PUBLICATION, DISTRIBUTION, MANUFACTURE, AND COPYRIGHT NOTICE
Place of production, publication, distribution, manufacture Singapore :
Name of producer, publisher, distributor, manufacturer Springer Nature Singapore :
-- Imprint: Springer,
Date of production, publication, distribution, manufacture, or copyright notice 2022.
300 ## - PHYSICAL DESCRIPTION
Extent V, 109 p. 39 illus., 35 illus. in color.
Other physical details online resource.
336 ## - CONTENT TYPE
Content type term text
Content type code txt
Source rdacontent
337 ## - MEDIA TYPE
Media type term computer
Media type code c
Source rdamedia
338 ## - CARRIER TYPE
Carrier type term online resource
Carrier type code cr
Source rdacarrier
347 ## - DIGITAL FILE CHARACTERISTICS
File type text file
Encoding format PDF
Source rda
490 1# - SERIES STATEMENT
Series statement Offshore Robotics,
International Standard Serial Number 2662-351X
505 0# - FORMATTED CONTENTS NOTE
Formatted contents note Marine robotics scientific and technological discussion -- Autonomous marine vehicle design, test and launch -- Autonomous marine vehicle modeling, identification and simulation -- Marine guidance, navigation and control -- Marine robot visual servo, intelligence and autonomy -- Situation awareness, collision avoidance and decision making -- Multiple marine vehicles swarm intelligence, cooperation and optimization -- Autonomous power management system -- Safety in offshore robotics -- Information systems in offshore robotics -- AI in marine robotics -- Education in offshore robotics.
520 ## - SUMMARY, ETC.
Summary, etc. This journal-like book series includes edited volumes to rapidly report and spread the latest technological results, new scientific discovery and valuable applied researches in the fields concerning offshore robotics as well as promote international academic exchange. We aim to make it one of the premier comprehensive academic publications of world offshore vehicle and robotics community. The audience of the series will include the scholars, researchers, engineers and students who are interested in fields of autonomous marine vehicles and robotics, including autonomous surface vehicles, autonomous underwater vehicles, remote operation vehicles, marine bionics, marine vehicle modeling, guidance, navigation, control and cooperation and so on.
650 #0 - SUBJECT ADDED ENTRY--TOPICAL TERM
Topical term or geographic name entry element Offshore structures.
Topical term or geographic name entry element Robotics.
Topical term or geographic name entry element Control engineering.
Topical term or geographic name entry element Automation.
Topical term or geographic name entry element Water.
Topical term or geographic name entry element Hydrology.
Topical term or geographic name entry element Offshore Engineering.
Topical term or geographic name entry element Robotics.
Topical term or geographic name entry element Control, Robotics, Automation.
Topical term or geographic name entry element Water.
700 1# - ADDED ENTRY--PERSONAL NAME
Personal name Su, Shun-Feng.
Relator term editor.
Relationship edt
-- http://id.loc.gov/vocabulary/relators/edt
Personal name Wang, Ning.
Relator term editor.
Authority record control number or standard number (orcid)0000-0003-1745-1425
Real World Object URI https://orcid.org/0000-0003-1745-1425
Relationship edt
-- http://id.loc.gov/vocabulary/relators/edt
710 2# - ADDED ENTRY--CORPORATE NAME
Corporate name or jurisdiction name as entry element SpringerLink (Online service)
773 0# - HOST ITEM ENTRY
Title Springer Nature eBook
776 08 - ADDITIONAL PHYSICAL FORM ENTRY
Relationship information Printed edition:
International Standard Book Number 9789811620775
Relationship information Printed edition:
International Standard Book Number 9789811620799
Relationship information Printed edition:
International Standard Book Number 9789811620805
830 #0 - SERIES ADDED ENTRY--UNIFORM TITLE
Uniform title Offshore Robotics,
International Standard Serial Number 2662-351X
856 40 - ELECTRONIC LOCATION AND ACCESS
Uniform Resource Identifier <a href="https://doi.org/10.1007/978-981-16-2078-2">https://doi.org/10.1007/978-981-16-2078-2</a>
942 ## - ADDED ENTRY ELEMENTS (KOHA)
Source of classification or shelving scheme
Koha item type E-Book

No items available.

Designed and Maintained by IMU-KC Library, Kolkata Campus © Copyright All Rights Reserved

webs counters

Powered by Koha